Premchandotar upanyaso mein sanskritik mulyo ka vighatana. (Record no. 822953)
[ view plain ]
| 000 -LEADER | |
|---|---|
| fixed length control field | 00661nam a2200205Ia 4500 |
| 003 - CONTROL NUMBER IDENTIFIER | |
| control field | OSt |
| 005 - DATE AND TIME OF LATEST TRANSACTION | |
| control field | 20250515115537.0 |
| 008 - FIXED-LENGTH DATA ELEMENTS--GENERAL INFORMATION | |
| fixed length control field | 220927b |||||||| |||| 00| 0 eng d |
| 037 ## - SOURCE OF ACQUISITION | |
| Terms of availability | Textual |
| 040 ## - CATALOGING SOURCE | |
| Original cataloging agency | SDCL |
| Transcribing agency | SDCL |
| Language of cataloging | eng |
| 041 ## - LANGUAGE CODE | |
| Source of code | hin |
| Language code of text/sound track or separate title | hin |
| 084 ## - COLON CLASSIFICATION NUMBER | |
| Classification number | O152,3N6:(Y) M6 |
| 100 ## - MAIN ENTRY--PERSONAL NAME | |
| Personal name | Prakash, Ram |
| 9 (RLIN) | 504463 |
| 245 #0 - TITLE STATEMENT | |
| Title | Premchandotar upanyaso mein sanskritik mulyo ka vighatana. |
| 246 ## - VARYING FORM OF TITLE | |
| Title proper/short title | प्रेमचन्दोत्तर उपन्यासों में सांस्कृतिक मूल्यों का विघटन |
| 260 ## - PUBLICATION, DISTRIBUTION, ETC. | |
| Date of publication, distribution, etc. | 1986. |
| 300 ## - PHYSICAL DESCRIPTION | |
| Extent | 458p. |
| 942 ## - ADDED ENTRY ELEMENTS (KOHA) | |
| Koha item type | Textual |
| Source of classification or shelving scheme | Colon Classification (CC) |
| Suppress in OPAC | No |
| Withdrawn status | Lost status | Damaged status | Not for loan | Home library | Current library | Date acquired | Total Checkouts | Full call number | Barcode | Date last seen | Price effective from | Koha item type |
|---|---|---|---|---|---|---|---|---|---|---|---|---|
| South Campus Library | South Campus Library | 2022-09-28 | O152,3N6:(Y) M6 | SC0504714 | 2022-09-28 | 2022-09-28 | Textual |
